<?xml version="1.0" encoding="UTF-8"?>
<record
    xmlns:xsi="http://www.w3.org/2001/XMLSchema-instance"
    xsi:schemaLocation="http://www.loc.gov/MARC21/slim http://www.loc.gov/standards/marcxml/schema/MARC21slim.xsd"
    xmlns="http://www.loc.gov/MARC21/slim">

  <leader>01021nam a2200337 u 4500</leader>
  <controlfield tag="001">165115</controlfield>
  <controlfield tag="005">20260506085837.0</controlfield>
  <controlfield tag="008">980304s1988                        spa  </controlfield>
  <datafield tag="020" ind1=" " ind2=" ">
    <subfield code="a">9681827058</subfield>
  </datafield>
  <datafield tag="035" ind1=" " ind2=" ">
    <subfield code="a">165115</subfield>
  </datafield>
  <datafield tag="035" ind1=" " ind2=" ">
    <subfield code="a">(OCoLC)45878424</subfield>
  </datafield>
  <datafield tag="040" ind1=" " ind2=" ">
    <subfield code="c">comduadb</subfield>
  </datafield>
  <datafield tag="041" ind1=" " ind2=" ">
    <subfield code="a">spa</subfield>
  </datafield>
  <datafield tag="050" ind1=" " ind2="4">
    <subfield code="a">RA</subfield>
  </datafield>
  <datafield tag="100" ind1="1" ind2="0">
    <subfield code="a">Velasco S., Alejandro</subfield>
    <subfield code="4">aut</subfield>
    <subfield code="e">aut</subfield>
    <subfield code="9">273708</subfield>
  </datafield>
  <datafield tag="245" ind1="1" ind2="0">
    <subfield code="a">Ratas y ratones domesticos : metodos y alternativas para su control</subfield>
  </datafield>
  <datafield tag="260" ind1=" " ind2=" ">
    <subfield code="a">M&#xE9;xico :</subfield>
    <subfield code="b">Limusa,</subfield>
    <subfield code="c">1988.</subfield>
  </datafield>
  <datafield tag="300" ind1=" " ind2=" ">
    <subfield code="a">238p. il.</subfield>
  </datafield>
  <datafield tag="500" ind1=" " ind2=" ">
    <subfield code="a">Compra : Lib. Cientifica $7.236 91/VII/25.</subfield>
  </datafield>
  <datafield tag="650" ind1=" " ind2=" ">
    <subfield code="a">Roedores</subfield>
    <subfield code="9">10823</subfield>
  </datafield>
  <datafield tag="650" ind1=" " ind2=" ">
    <subfield code="a">Ratones</subfield>
    <subfield code="9">20252</subfield>
  </datafield>
  <datafield tag="650" ind1=" " ind2=" ">
    <subfield code="a">Ratas vectores</subfield>
    <subfield code="9">12262</subfield>
  </datafield>
  <datafield tag="650" ind1=" " ind2="7">
    <subfield code="a">Enfermedades transmisibles</subfield>
    <subfield code="2">dcs</subfield>
    <subfield code="9">44424</subfield>
  </datafield>
  <datafield tag="650" ind1=" " ind2=" ">
    <subfield code="a">Animales nocivos</subfield>
    <subfield code="9">33535</subfield>
  </datafield>
  <datafield tag="650" ind1=" " ind2=" ">
    <subfield code="a">Animales portadores de enfermedades</subfield>
    <subfield code="9">31609</subfield>
  </datafield>
  <datafield tag="650" ind1=" " ind2="7">
    <subfield code="a">Zoonosis</subfield>
    <subfield code="2">dcs</subfield>
    <subfield code="9">174663</subfield>
  </datafield>
  <datafield tag="650" ind1=" " ind2=" ">
    <subfield code="a">Manejo ambiental</subfield>
    <subfield code="9">116229</subfield>
  </datafield>
  <datafield tag="650" ind1=" " ind2="7">
    <subfield code="a">Control de plagas</subfield>
    <subfield code="2">lemb</subfield>
    <subfield code="9">48937</subfield>
  </datafield>
  <datafield tag="700" ind1="1" ind2="0">
    <subfield code="a">Nava N., Raul</subfield>
    <subfield code="4">aut</subfield>
    <subfield code="e">aut</subfield>
    <subfield code="9">320863</subfield>
  </datafield>
  <datafield tag="942" ind1=" " ind2=" ">
    <subfield code="c">BOOK</subfield>
  </datafield>
  <datafield tag="999" ind1=" " ind2=" ">
    <subfield code="c">175853</subfield>
    <subfield code="d">175853</subfield>
  </datafield>
  <datafield tag="952" ind1=" " ind2=" ">
    <subfield code="0">0</subfield>
    <subfield code="1">0</subfield>
    <subfield code="4">0</subfield>
    <subfield code="7">0</subfield>
    <subfield code="8">GENERAL</subfield>
    <subfield code="a">BR</subfield>
    <subfield code="b">BR</subfield>
    <subfield code="d">1998-03-04</subfield>
    <subfield code="i">C225334</subfield>
    <subfield code="l">1</subfield>
    <subfield code="o">RA641.R6 V4r</subfield>
    <subfield code="p">61000000379996</subfield>
    <subfield code="r">2025-05-26 07:58:11</subfield>
    <subfield code="s">2025-05-08</subfield>
    <subfield code="t">1</subfield>
    <subfield code="w">2023-04-23</subfield>
    <subfield code="y">BOOK</subfield>
  </datafield>
</record>
